| 000 | 00975nam a2200253Ia 4500 | ||
|---|---|---|---|
| 003 | OSt | ||
| 005 | 20220923211353.0 | ||
| 006 | a|||||r|||| 00| 0 | ||
| 007 | ta | ||
| 008 | 220922b |||||||| |||| 00| 0 hin d | ||
| 020 |
_a9788187445814 (hbk) _c795 |
||
| 024 | _a246,189 | ||
| 037 |
_b476, 16/02/2011, Eastern Book Linkers _cTextual |
||
| 040 |
_aARTS _cARTS _bhin |
||
| 041 |
_2hin _ahin |
||
| 082 | _aO15v, 152Q1 | ||
| 100 |
_aचौहान, रामसिंह _9156279 |
||
| 245 | 0 | _aसंस्कृत साहित्य का प्रचीन एवं अर्वाचीन इतिहास | |
| 246 | _aSanskṛut sāhitya kā prachīn evan arvāchīn itihāsa | ||
| 260 |
_aजयपुर _b रितु पब्लिकेशन्स _c2011 |
||
| 300 |
_a266पृ. _ccm. |
||
| 942 |
_hO15v, 152Q1 _cTEXL _2CC |
||
| 999 |
_c298873 _d298873 |
||